| 000 | 00652pam a2200169 a 4500 | ||
|---|---|---|---|
| 020 | _a0309046513 (pbk.) : | ||
| 082 | 0 | 0 |
_a380.5 _bNAT _cD |
| 245 | 0 | 0 | _aTransit bus maintenance. |
| 260 |
_aWashington, D.C. : _bTransportation Research Board, National Research Council, _c1987. |
||
| 300 |
_aiv, 51 p. : _bill. ; _c28 cm. |
||
| 500 | _aPapers presented at the 66th Annual Meeting of the Transportation Research Board, held Jan. 1987 in Washington, D.C. | ||
| 526 |
_a0 _b0 _c0 _d380_500000000000000_NAT |
||
| 650 | 0 |
_aBuses _xMaintenance and repair. _938328 |
|
| 650 | 0 |
_aMCE _9379 |
|
| 710 | 2 |
_aNational Research Council (U.S.). _920017 |
|
| 942 |
_2ddc _cBK |
||
| 999 |
_c542951 _d542951 |
||